[Event "Titled Tuesday intern op 25th Aug"]
[Site "Chess.com INT"]
[Date "2020.08.25"]
[Round "7"]
[White "Itkin, David"]
[Black "Mazi, Leon"]
[Result "0-1"]
[WhiteElo "2262"]
[BlackElo "2354"]
[PlyCount "72"]
[EventDate "2020.08.25"]
[EventType "swiss (blitz)"]
[EventRounds "10"]
[EventCountry "USA"]
[SourceTitle "CBM 198 Extra"]
[Source "ChessBase"]
[SourceDate "2020.11.30"]
[SourceVersion "1"]
[SourceVersionDate "2020.11.30"]
[SourceQuality "1"]

1. e4 c5 2. Nf3 d6 3. Bb5+ Nd7 4. d4 a6 5. Be2 cxd4 6. Qxd4 Ngf6 7. 0-0 e5 8. Qe3 b5 9. c4 bxc4 10. Bxc4 Be7 11. Bxf7+ Kxf7 12. Ng5+ Kg8 13. Ne6 Qb6 14. Qg3 g6 15. Nc3 Nc5 16. Ng5 Qb7 17. Re1 Nh5 18. Qf3 Bxg5 19. Bxg5 Qf7 20. Qd1 h6 21. Qxd6 Nb7 22. Qc6 hxg5 23. Nd5 Be6 24. Nc7 Rc8 25. Rac1 Nd8 26. Qd6 Kg7 27. Qxe5+ Nf6 28. Nxe6+ Nxe6 29. h3 Rxc1 30. Rxc1 Qf8 31. Qxe6 Qf7 32. Qe5 Re8 33. Qa5 Nxe4 34. Rc7 Re7 35. Qe5+ Rxe5 36. Rxf7+ Kxf7 0-1

[Event "Titled Tuesday intern op 4th Aug 10am"]
[Site "Chess.com INT"]
[Date "2020.08.04"]
[Round "5"]
[White "Nastore, Pavel Alexandru"]
[Black "Itkin, David"]
[Result "0-1"]
[WhiteElo "2234"]
[BlackElo "2262"]
[PlyCount "66"]
[EventDate "2020.08.04"]
[EventType "swiss (blitz)"]
[EventRounds "10"]
[EventCountry "USA"]
[SourceTitle "CBM 197 Extra"]
[Source "ChessBase"]
[SourceDate "2020.09.30"]
[SourceVersion "1"]
[SourceVersionDate "2020.09.30"]
[SourceQuality "1"]

1. d4 Nf6 2. c4 g6 3. Nc3 Bg7 4. e4 d6 5. Be2 0-0 6. Be3 c5 7. e5 dxe5 8. dxe5 Nfd7 9. f4 Nc6 10. Nf3 b6 11. 0-0 Bb7 12. a3 Re8 13. Qe1 Nf8 14. Rd1 Qc8 15. Qh4 h5 16. Nd5 Qf5 17. h3 Rad8 18. Bd3 Qc8 19. Bc2 e6 20. Nf6+ Bxf6 21. exf6 Rxd1 22. Rxd1 Rd8 23. Rxd8 Qxd8 24. Ne5 Nd4 25. Bb1 Nf5 26. Bxf5 exf5 27. Kh2 Nh7 28. g4 Nxf6 29. gxf5 Ng4+ 30. Nxg4 Qxh4 31. Nh6+ Kg7 32. fxg6 Kxh6 33. f5+ Kg7 0-1

[Event "Titled Tuesday intern op 4th Aug 10am"]
[Site "Chess.com INT"]
[Date "2020.08.04"]
[Round "1"]
[White "Nguyen, Ngoc Truong Son"]
[Black "Itkin, David"]
[Result "1/2-1/2"]
[WhiteElo "2641"]
[BlackElo "2262"]
[PlyCount "120"]
[EventDate "2020.08.04"]
[EventType "swiss (blitz)"]
[EventRounds "10"]
[EventCountry "USA"]
[SourceTitle "CBM 197 Extra"]
[Source "ChessBase"]
[SourceDate "2020.09.30"]
[SourceVersion "1"]
[SourceVersionDate "2020.09.30"]
[SourceQuality "1"]

1. c4 g6 2. Nc3 Bg7 3. d4 d6 4. e4 Nf6 5. f4 c5 6. d5 0-0 7. Nf3 e6 8. dxe6 fxe6 9. Bd3 Nc6 10. 0-0 Nd4 11. Nxd4 cxd4 12. Nb5 a6 13. Na3 e5 14. Nc2 b5 15. cxb5 axb5 16. fxe5 dxe5 17. Bg5 Qb6 18. Nb4 Bb7 19. Qb3+ Kh8 20. Bxf6 Rxf6 21. Rxf6 Qxf6 22. Rf1 Qg5 23. Nd5 Bxd5 24. Qxd5 Rf8 25. Qxb5 Qe3+ 26. Kh1 Rxf1+ 27. Bxf1 h6 28. Qd3 Qc1 29. b4 Qa1 30. a3 Qb2 31. b5 Bf8 32. a4 Qb4 33. Qc4 Kg7 34. Qxb4 Bxb4 35. b6 Ba5 36. b7 Bc7 37. g3 Kf6 38. Kg2 Bb8 39. a5 Ba7 40. a6 Ke7 41. Kf3 Kf6 42. Bc4 Bb8 43. Ke2 Ba7 44. Kd3 Kg5 45. Be6 Kf6 46. Bd7 Ke7 47. Bb5 Kd6 48. Kc4 Bb8 49. Be8 g5 50. Bh5 Ba7 51. Be2 Bb8 52. Kb5 Ba7 53. Bd3 Kc7 54. Be2 Kd6 55. Kc4 Bb8 56. Bf1 Ba7 57. Kd3 Ke7 58. Kc4 Kd6 59. Kb5 Kc7 60. Be2 Kd6 1/2-1/2

[Event "Titled Tuesday intern op 14th July"]
[Site "Chess.com INT"]
[Date "2020.07.14"]
[Round "6"]
[White "Itkin, David"]
[Black "Ismayil, Malak"]
[Result "1-0"]
[WhiteElo "2262"]
[BlackElo "1997"]
[PlyCount "121"]
[EventDate "2020.07.14"]
[EventType "swiss (blitz)"]
[EventRounds "10"]
[EventCountry "USA"]
[SourceTitle "CBM 197 Extra"]
[Source "ChessBase"]
[SourceDate "2020.09.30"]
[SourceVersion "1"]
[SourceVersionDate "2020.09.30"]
[SourceQuality "1"]

1. e4 e5 2. Nf3 Nc6 3. Nc3 Nf6 4. Be2 Bb4 5. Nd5 Be7 6. d3 d6 7. Nxe7 Qxe7 8. Bg5 h6 9. Bh4 g5 10. Bg3 Be6 11. c3 0-0-0 12. Qa4 Kb8 13. 0-0-0 Bd7 14. Qc2 Be6 15. Kb1 Rhe8 16. h4 g4 17. Nd2 h5 18. f3 Rg8 19. Bf2 gxf3 20. Bxf3 Ng4 21. Bg1 Rdf8 22. Qa4 Bd7 23. Qa3 a6 24. d4 f5 25. d5 Nd8 26. Ka1 f4 27. c4 Bc8 28. c5 Nf6 29. Nc4 Nf7 30. cxd6 Nxd6 31. Nxd6 cxd6 32. Qa5 Qd8 33. Bb6 Qe8 34. Bc7+ Ka8 35. Bxd6 Bg4 36. Rc1 Bxf3 37. gxf3 Rf7 38. Qb6 Nd7 39. Qa5 Rf6 40. Bb4 Qd8 41. Qa3 Qb6 42. Rc2 Rfg6 43. Rhc1 Rg1 44. Ba5 Rxc1+ 45. Rxc1 Rg1 46. Kb1 Rxc1+ 47. Kxc1 Qg1+ 48. Kc2 Qf2+ 49. Bd2 Qb6 50. Qe7 Qc7+ 51. Bc3 Ka7 52. d6 Qc6 53. b3 Qb5 54. Kb2 Qe2+ 55. Ka3 Qb5 56. Qe6 Qc5+ 57. Bb4 Qc6 58. Qc4 Qb6 59. Bc3 Nc5 60. Qd5 Qb5 61. Bxe5 1-0

[Event "Titled Tuesday intern op 16th June"]
[Site "Chess.com INT"]
[Date "2020.06.16"]
[Round "1"]
[White "Itkin, David"]
[Black "Girish, A Koushnik"]
[Result "1-0"]
[WhiteElo "2262"]
[BlackElo "2498"]
[PlyCount "141"]
[EventDate "2020.06.16"]
[EventType "swiss (blitz)"]
[EventRounds "10"]
[EventCountry "USA"]
[SourceTitle "EXT 2021"]
[Source "ChessBase"]
[SourceDate "2020.10.23"]
[SourceVersion "1"]
[SourceVersionDate "2020.10.23"]
[SourceQuality "1"]

1. e4 e5 2. Nf3 Nc6 3. Nc3 Nf6 4. Be2 d5 5. exd5 Nxd5 6. 0-0 Bb4 7. Nxd5 Qxd5 8. c3 Bd6 9. d4 e4 10. Nd2 0-0 11. f3 Qh5 12. g3 exf3 13. Bxf3 Qg6 14. Ne4 Bh3 15. Re1 Rae8 16. Nxd6 Qxd6 17. Bf4 Qd7 18. Qd2 Ne7 19. Re2 c6 20. Rae1 Ng6 21. Rxe8 Rxe8 22. Rxe8+ Qxe8 23. Qe3 Qd7 24. Bg2 Bxg2 25. Kxg2 h6 26. Qe4 Qd5 27. Qxd5 Nxf4+ 28. gxf4 cxd5 29. a4 a5 30. b3 f5 31. c4 Kf7 32. Kf3 g5 33. h3 Ke6 34. Kg3 Kf6 35. Kf3 Kg6 36. Kg3 Kh5 37. Kf3 Kg6 38. Kg3 Kg7 39. Kf3 Kf8 40. Kg3 Ke7 41. Kf3 Kd6 42. Kg3 Kc6 43. fxg5 hxg5 44. h4 gxh4+ 45. Kxh4 Kd6 46. Kg5 Ke6 47. Kf4 Kf6 48. cxd5 b6 49. d6 Ke6 50. d7 Kxd7 51. Kxf5 Kd6 52. Ke4 Ke6 53. d5+ Kd6 54. Kd4 Kd7 55. Ke5 Ke7 56. d6+ Kd7 57. Kd5 Kd8 58. Kc6 Kc8 59. Kxb6 Kd7 60. Kxa5 Kxd6 61. b4 Kc7 62. b5 Kb7 63. Kb4 Kb6 64. a5+ Kb7 65. Kc5 Ka7 66. b6+ Kb7 67. Kb5 Kb8 68. a6 Ka8 69. Kc6 Kb8 70. b7 Ka7 71. Kc7 1-0

[Event "Titled Tuesday intern op 16th June"]
[Site "Chess.com INT"]
[Date "2020.06.16"]
[Round "8"]
[White "Itkin, David"]
[Black "Skliarov, Viktor"]
[Result "1-0"]
[WhiteElo "2262"]
[BlackElo "2376"]
[PlyCount "103"]
[EventDate "2020.06.16"]
[EventType "swiss (blitz)"]
[EventRounds "10"]
[EventCountry "USA"]
[SourceTitle "EXT 2021"]
[Source "ChessBase"]
[SourceDate "2020.10.23"]
[SourceVersion "1"]
[SourceVersionDate "2020.10.23"]
[SourceQuality "1"]

1. e4 c5 2. Nf3 Nc6 3. Nc3 Nf6 4. d4 cxd4 5. Nxd4 e5 6. Ndb5 d6 7. Nd5 Nxd5 8. exd5 Nb8 9. c4 Be7 10. Bd3 0-0 11. 0-0 a6 12. Nc3 Nd7 13. f3 f5 14. Kh1 Bg5 15. b4 b6 16. Qc2 a5 17. a3 g6 18. Nb5 Bxc1 19. Raxc1 Rf6 20. Qd2 Ba6 21. Qg5 Bxb5 22. cxb5 axb4 23. axb4 Kg7 24. Qe3 Ra3 25. Qd2 Nb8 26. Rc3 Rxc3 27. Qxc3 Rf7 28. Rc1 Ra7 29. h3 Nd7 30. Qc8 Qxc8 31. Rxc8 Ra1+ 32. Kh2 Nf6 33. Rc6 Nxd5 34. Rxd6 Nxb4 35. Bc4 f4 36. Rxb6 Nc2 37. h4 Ne3 38. Rb7+ Kf8 39. Be6 h5 40. Rf7+ Ke8 41. g3 Nf1+ 42. Kg2 Nxg3 43. Rg7 Rb1 44. Rxg6 Rb2+ 45. Kg1 Rxb5 46. Rg7 Rb2 47. Bd5 Kf8 48. Rg8+ Ke7 49. Rg7+ Kd6 50. Rb7 Kc5 51. Rxb2 Kxd5 52. Rd2+ 1-0

[Event "Titled Tuesday intern op 16th June"]
[Site "Chess.com INT"]
[Date "2020.06.16"]
[Round "5"]
[White "Kozlov, Gennady"]
[Black "Itkin, David"]
[Result "1-0"]
[WhiteElo "2386"]
[BlackElo "2262"]
[PlyCount "105"]
[EventDate "2020.06.16"]
[EventType "swiss (blitz)"]
[EventRounds "10"]
[EventCountry "USA"]
[SourceTitle "EXT 2021"]
[Source "ChessBase"]
[SourceDate "2020.10.23"]
[SourceVersion "1"]
[SourceVersionDate "2020.10.23"]
[SourceQuality "1"]

1. b3 Nf6 2. Bb2 g6 3. e3 Bg7 4. f4 0-0 5. Nf3 d6 6. Be2 c5 7. 0-0 Nc6 8. a4 e5 9. fxe5 Ng4 10. Nc3 Ngxe5 11. Nxe5 Nxe5 12. Bf3 Rb8 13. Rb1 Be6 14. Bd5 a6 15. Qe1 b5 16. axb5 axb5 17. Bxe6 fxe6 18. Ne4 c4 19. bxc4 bxc4 20. Bxe5 Bxe5 21. Rxb8 Qxb8 22. Rxf8+ Qxf8 23. Qh4 d5 24. Ng5 Qe7 25. Qg4 d4 26. Qxe6+ Qxe6 27. Nxe6 dxe3 28. dxe3 h6 29. g3 Kf7 30. Nd4 Bf6 31. Kf2 Ke7 32. Kf3 Kd6 33. Ke4 h5 34. Ne2 Kc5 35. Nf4 Kb4 36. Nxg6 Kc3 37. Kd5 Kxc2 38. Kxc4 Kd2 39. e4 Ke3 40. e5 Bxe5 41. Nxe5 Kf2 42. Kd4 Kg2 43. Ke4 Kxh2 44. Kf4 Kh3 45. Nf3 Kg2 46. Nh4+ Kh3 47. Nf5 Kg2 48. Kg5 Kf3 49. Kxh5 Ke4 50. g4 Kf4 51. g5 Kxf5 52. g6 Kf6 53. Kh6 1-0

[Event "Titled Tuesday intern op 9th June"]
[Site "Chess.com INT"]
[Date "2020.06.09"]
[Round "1"]
[White "Itkin, David"]
[Black "Demchenko, Anton"]
[Result "0-1"]
[WhiteElo "2262"]
[BlackElo "2641"]
[PlyCount "104"]
[EventDate "2020.06.09"]
[EventType "swiss (blitz)"]
[EventRounds "10"]
[EventCountry "USA"]
[SourceTitle "CBM 196 Extra"]
[Source "ChessBase"]
[SourceDate "2020.07.31"]
[SourceVersion "1"]
[SourceVersionDate "2020.07.31"]
[SourceQuality "1"]

1. e4 e5 2. Nf3 Nc6 3. Nc3 Nf6 4. Be2 Bd6 5. 0-0 0-0 6. d3 Re8 7. Bg5 h6 8. Bh4 Be7 9. h3 d6 10. Nh2 Nd4 11. Bxf6 Bxf6 12. Bg4 c6 13. Ne2 Ne6 14. c3 g6 15. Kh1 h5 16. Bxe6 Bxe6 17. f4 exf4 18. Nxf4 Bd7 19. Nf3 Bg7 20. Qe1 d5 21. e5 Bf5 22. d4 Bh6 23. Nh4 Be4 24. e6 Bxf4 25. exf7+ Kxf7 26. Rxf4+ Kg7 27. Qf2 Rf8 28. Rf1 Rxf4 29. Qxf4 Qe7 30. Qg3 Rf8 31. Rxf8 Qxf8 32. Qc7+ Kh6 33. Kh2 g5 34. Nf3 Bxf3 35. gxf3 Qxf3 36. Qd6+ Kg7 37. Qe7+ Kg6 38. Qe6+ Qf6 39. Qe8+ Qf7 40. Qc8 a6 41. Kg2 Qe7 42. Qg8+ Kf5 43. Kf2 Qf6 44. Kg2 h4 45. Qh7+ Kf4 46. Qxb7 Ke3 47. Qxa6 Qf2+ 48. Kh1 Qf3+ 49. Kh2 Qg3+ 50. Kh1 Qxh3+ 51. Kg1 Qg3+ 52. Kh1 Kf2 0-1

[Event "Titled Tuesday intern op 9th June"]
[Site "Chess.com INT"]
[Date "2020.06.09"]
[Round "4"]
[White "Itkin, David"]
[Black "Shafigullina, Zarina"]
[Result "0-1"]
[WhiteElo "2262"]
[BlackElo "2296"]
[PlyCount "100"]
[EventDate "2020.06.09"]
[EventType "swiss (blitz)"]
[EventRounds "10"]
[EventCountry "USA"]
[SourceTitle "CBM 196 Extra"]
[Source "ChessBase"]
[SourceDate "2020.07.31"]
[SourceVersion "1"]
[SourceVersionDate "2020.07.31"]
[SourceQuality "1"]

1. e4 c5 2. Nf3 Nc6 3. Nc3 Nf6 4. d4 cxd4 5. Nxd4 e5 6. Ndb5 d6 7. Nd5 Nxd5 8. exd5 Nb8 9. c4 Be7 10. Bd3 0-0 11. 0-0 f5 12. f3 Nd7 13. Kh1 Nf6 14. Be3 f4 15. Bg1 g5 16. Nxa7 Bd7 17. b4 Kg7 18. c5 dxc5 19. d6 Bxd6 20. bxc5 Be7 21. Nb5 Nd5 22. Qe2 Bxb5 23. Bxb5 Nc3 24. Qc4 Nxb5 25. Qxb5 Qc7 26. Rfe1 Rfd8 27. Qb2 Bf6 28. Rab1 e4 29. Qxb7 Qxb7 30. Rxb7+ Kg6 31. fxe4 Rxa2 32. e5 Bg7 33. e6 Bf6 34. c6 Rc2 35. c7 Rdd2 36. e7 Bxe7 37. Rxe7 Rd1 38. Rb6+ Kf5 39. Rbe6 Rcc1 40. Re1 Rxe1 41. Rxe1 Rxc7 42. h3 Rc2 43. Bd4 h5 44. Re5+ Kg6 45. Rc5 Rd2 46. Rc6+ Kf5 47. Bg7 g4 48. Rc5+ Kg6 49. Be5 Rd1+ 50. Kh2 g3# 0-1

[Event "Titled Tuesday intern op 9th June"]
[Site "Chess.com INT"]
[Date "2020.06.09"]
[Round "7"]
[White "Javakhadze, Zurab"]
[Black "Itkin, David"]
[Result "1-0"]
[WhiteElo "2454"]
[BlackElo "2262"]
[PlyCount "57"]
[EventDate "2020.06.09"]
[EventType "swiss (blitz)"]
[EventRounds "10"]
[EventCountry "USA"]
[SourceTitle "CBM 196 Extra"]
[Source "ChessBase"]
[SourceDate "2020.07.31"]
[SourceVersion "1"]
[SourceVersionDate "2020.07.31"]
[SourceQuality "1"]

1. c4 g6 2. d4 Bg7 3. Nc3 d6 4. e4 Nf6 5. Nf3 0-0 6. Be2 c5 7. d5 e6 8. 0-0 exd5 9. cxd5 Re8 10. Nd2 a6 11. a4 Nbd7 12. Re1 Qc7 13. Bf1 Ne5 14. h3 c4 15. Qc2 Nh5 16. a5 Nf4 17. Re3 Bh6 18. Nf3 Nfd3 19. Nxe5 Bxe3 20. Nxd3 cxd3 21. Qxd3 Bxc1 22. Rxc1 Qxa5 23. Qg3 Bd7 24. Qxd6 Rad8 25. Qf4 Bb5 26. Bxb5 axb5 27. d6 Qb4 28. Nd5 Rxd6 29. Nxb4 1-0

[Event "Titled Tuesday intern op 6th June"]
[Site "Chess.com INT"]
[Date "2020.06.02"]
[Round "3"]
[White "Gazik, Viktor"]
[Black "Itkin, David"]
[Result "1-0"]
[WhiteElo "2502"]
[BlackElo "2262"]
[PlyCount "81"]
[EventDate "2020.06.02"]
[EventType "swiss (blitz)"]
[EventRounds "10"]
[EventCountry "USA"]
[SourceTitle "CBM 196 Extra"]
[Source "ChessBase"]
[SourceDate "2020.07.31"]
[SourceVersion "1"]
[SourceVersionDate "2020.07.31"]
[SourceQuality "1"]

1. e4 c6 2. Nc3 d5 3. Nf3 Nf6 4. e5 Ne4 5. Ne2 Qb6 6. d4 e6 7. Ng3 c5 8. Bd3 Nxg3 9. hxg3 cxd4 10. a3 Nc6 11. b4 Bd7 12. Bf4 Be7 13. Kf1 f6 14. Qe2 0-0-0 15. Rc1 h5 16. c3 fxe5 17. Nxe5 g5 18. Bd2 Kb8 19. Nf7 Rhf8 20. Nxd8 Bxd8 21. Rxh5 g4 22. c4 dxc4 23. Rxc4 Bc7 24. Kg1 e5 25. Rh7 Be6 26. Rc5 Rf7 27. Rh8+ Nd8 28. Bg5 a6 29. Bxd8 Bxd8 30. Qxe5+ Ka7 31. Rxd8 Qxd8 32. Qxe6 Qf8 33. Rc2 Re7 34. Qxg4 Re1+ 35. Bf1 d3 36. Qd4+ Ka8 37. Qxd3 Qh6 38. Rc8+ Ka7 39. Qd4+ Qb6 40. Ra8+ Kxa8 41. Qxb6 1-0

[Event "Titled Tuesday intern op 6th June"]
[Site "Chess.com INT"]
[Date "2020.06.02"]
[Round "9"]
[White "Itkin, David"]
[Black "Kaufman, Raymond"]
[Result "1-0"]
[WhiteElo "2262"]
[BlackElo "2255"]
[PlyCount "43"]
[EventDate "2020.06.02"]
[EventType "swiss (blitz)"]
[EventRounds "10"]
[EventCountry "USA"]
[SourceTitle "CBM 196 Extra"]
[Source "ChessBase"]
[SourceDate "2020.07.31"]
[SourceVersion "1"]
[SourceVersionDate "2020.07.31"]
[SourceQuality "1"]

1. e4 c5 2. Nf3 e6 3. Nc3 a6 4. d4 cxd4 5. Nxd4 d6 6. Be2 Nf6 7. 0-0 Be7 8. f4 0-0 9. Kh1 Nc6 10. Be3 Bd7 11. a4 Re8 12. Nb3 b6 13. Bf3 Qc7 14. Qe1 Rab8 15. Qg3 Nb4 16. e5 dxe5 17. fxe5 Nfd5 18. Nxd5 exd5 19. e6 Qxg3 20. exf7+ Kxf7 21. Bxd5+ Kg6 22. Bf7# 1-0

[Event "Titled Tuesday intern op 6th June"]
[Site "Chess.com INT"]
[Date "2020.06.02"]
[Round "7"]
[White "Itkin, David"]
[Black "Skuhala, Barbara"]
[Result "0-1"]
[WhiteElo "2262"]
[BlackElo "2095"]
[PlyCount "108"]
[EventDate "2020.06.02"]
[EventType "swiss (blitz)"]
[EventRounds "10"]
[EventCountry "USA"]
[SourceTitle "CBM 196 Extra"]
[Source "ChessBase"]
[SourceDate "2020.07.31"]
[SourceVersion "1"]
[SourceVersionDate "2020.07.31"]
[SourceQuality "1"]

1. e4 c5 2. Nf3 d6 3. d4 cxd4 4. Nxd4 Nf6 5. f3 a6 6. c4 e5 7. Nb3 Be7 8. Be3 Be6 9. Be2 Nbd7 10. 0-0 0-0 11. Qd2 Rc8 12. Na3 Nh5 13. Rfd1 g6 14. Bf1 Ng7 15. Rac1 f5 16. Bd3 f4 17. Bf2 Qe8 18. Nb1 g5 19. Nc3 g4 20. Nd5 Bd8 21. c5 Qg6 22. Kh1 g3 23. Bg1 dxc5 24. Nxc5 Nxc5 25. Rxc5 Rxc5 26. Bxc5 Qh5 27. Bg1 Bxd5 28. exd5 Bb6 29. h3 Bxg1 30. Kxg1 Rd8 31. Qb4 Qf7 32. Bc4 Qd7 33. d6+ Kh8 34. Qb6 Rc8 35. b3 Rc6 36. Qb4 Nf5 37. Be6 Rxd6 38. Rxd6 Qxd6 39. Qxd6 Nxd6 40. Kf1 Kg7 41. Ke2 Kf6 42. Bd5 b6 43. Kd3 a5 44. a3 h5 45. b4 axb4 46. axb4 h4 47. Bc6 Ke6 48. b5 Nf7 49. Ke4 Ng5+ 50. Kd3 Kd6 51. Kc4 e4 52. fxe4 Ke5 53. Kd3 f3 54. Ke3 fxg2 0-1

[Event "Titled Tuesday intern op 6th June"]
[Site "Chess.com INT"]
[Date "2020.06.02"]
[Round "6"]
[White "Lauridsen, Jesper Morch"]
[Black "Itkin, David"]
[Result "1-0"]
[WhiteElo "2225"]
[BlackElo "2262"]
[PlyCount "114"]
[EventDate "2020.06.02"]
[EventType "swiss (blitz)"]
[EventRounds "10"]
[EventCountry "USA"]
[SourceTitle "CBM 196 Extra"]
[Source "ChessBase"]
[SourceDate "2020.07.31"]
[SourceVersion "1"]
[SourceVersionDate "2020.07.31"]
[SourceQuality "1"]

1. e4 c6 2. d4 d5 3. exd5 cxd5 4. Nf3 Nc6 5. c4 e6 6. Nc3 Bb4 7. Bd3 dxc4 8. Bxc4 Nf6 9. Bg5 0-0 10. 0-0 Be7 11. a3 b6 12. Qd3 Bb7 13. Rad1 Rc8 14. Ba2 Nd5 15. Bb1 g6 16. Bh6 Re8 17. Ne4 f5 18. Neg5 Bf6 19. Rfe1 Nf4 20. Qb3 Qd5 21. Qxd5 exd5 22. Rxe8+ Rxe8 23. Nxh7 Ne2+ 24. Kf1 Kxh7 25. Be3 Ba6 26. Bd3 Bxd3 27. Rxd3 f4 28. Kxe2 fxe3 29. fxe3 g5 30. Rc3 Re6 31. Kd3 Kg6 32. g4 Na5 33. Rc7 Re7 34. Ne5+ Kg7 35. Rxe7+ Bxe7 36. b4 Nb7 37. Nc6 Bd6 38. Nxa7 Bxh2 39. Nc8 Bc7 40. Ne7 Nd6 41. Nxd5 Bd8 42. e4 Kf7 43. e5 Ke6 44. Nxb6 Bxb6 45. exd6 Kxd6 46. Ke4 Bd8 47. a4 Ke6 48. a5 Kd6 49. Kf5 Kd5 50. b5 Kxd4 51. b6 Kc5 52. b7 Bc7 53. Kxg5 Kb5 54. Kf6 Kxa5 55. g5 Kb6 56. b8Q+ Bxb8 57. g6 Be5+ 1-0

[Event "Canadian op"]
[Site "Quebec"]
[Date "2018.07.11"]
[Round "6"]
[White "Tanaka, Taira Tyler"]
[Black "Itkin, David"]
[Result "1/2-1/2"]
[WhiteElo "2054"]
[BlackElo "2239"]
[PlyCount "81"]
[EventDate "2018.07.07"]
[EventType "swiss"]
[EventRounds "9"]
[EventCountry "CAN"]
[SourceTitle "CBM 185 Extra"]
[Source "ChessBase"]
[SourceDate "2018.07.29"]
[SourceVersion "1"]
[SourceVersionDate "2018.07.29"]
[SourceQuality "1"]

1. e4 c6 2. Nc3 d5 3. Nf3 Nf6 4. e5 Ne4 5. Ne2 Qb6 6. d4 e6 7. Ng3 c5 8. Bd3 Nxg3 9. hxg3 cxd4 10. a3 Bd7 11. Qe2 Nc6 12. g4 0-0-0 13. g5 f6 14. Bf4 Be7 15. gxf6 gxf6 16. g3 h5 17. 0-0-0 Rdf8 18. Rh3 fxe5 19. Nxe5 Bd6 20. Rh2 Qc7 21. Re1 h4 22. Ng6 Bxf4+ 23. gxf4 Rf6 24. Kb1 Rg8 25. Rxh4 Rgxg6 26. Bxg6 Rxg6 27. Rh8+ Nd8 28. Qd3 Rg4 29. Qxd4 b6 30. Qf6 b5 31. b4 a5 32. Re3 d4 33. Qxd4 axb4 34. axb4 Kb7 35. Rh7 Rg1+ 36. Kb2 Kc8 37. Rc3 Nc6 38. Qe4 Rd1 39. Qe2 Rd5 40. Rh8+ Kb7 41. Rc5 1/2-1/2

[Event "Canadian op"]
[Site "Quebec"]
[Date "2018.07.10"]
[Round "5"]
[White "Itkin, David"]
[Black "Rodrigue Lemieux, Shawn"]
[Result "0-1"]
[WhiteElo "2239"]
[BlackElo "2267"]
[PlyCount "72"]
[EventDate "2018.07.07"]
[EventType "swiss"]
[EventRounds "9"]
[EventCountry "CAN"]
[SourceTitle "CBM 185 Extra"]
[Source "ChessBase"]
[SourceDate "2018.07.29"]
[SourceVersion "1"]
[SourceVersionDate "2018.07.29"]
[SourceQuality "1"]

1. e4 c6 2. c4 d5 3. exd5 cxd5 4. cxd5 Nf6 5. Nc3 Nxd5 6. Nf3 Nc6 7. Bc4 e6 8. 0-0 Be7 9. d4 0-0 10. Re1 Nxc3 11. bxc3 Bf6 12. Bb3 b6 13. Ba3 Be7 14. Bxe7 Nxe7 15. Bc2 Bb7 16. Rc1 Ng6 17. Be4 Bxe4 18. Rxe4 Qd5 19. Qe2 b5 20. Ne5 Rac8 21. Nxg6 hxg6 22. h4 Rc4 23. Re5 Qc6 24. h5 gxh5 25. Rxh5 Rc8 26. Rh3 Qd5 27. Rh5 Qc6 28. Rh3 Qd5 29. Rh5 Qd6 30. Qd3 g6 31. Rh4 Qd8 32. Qh3 Qf6 33. Re1 Rxc3 34. Re3 b4 35. Rhe4 Qf5 36. g4 Qxe4 0-1

[Event "Chicago op 27th"]
[Site "Chicago"]
[Date "2018.05.27"]
[Round "6"]
[White "Mulyar, Michael A"]
[Black "Itkin, David"]
[Result "1/2-1/2"]
[WhiteElo "2400"]
[BlackElo "2243"]
[PlyCount "84"]
[EventDate "2018.05.24"]
[EventType "swiss"]
[EventRounds "9"]
[EventCountry "USA"]
[SourceTitle "CBM 184 Extra"]
[Source "ChessBase"]
[SourceDate "2018.06.28"]
[SourceVersion "1"]
[SourceVersionDate "2018.06.28"]
[SourceQuality "1"]

1. d4 Nf6 2. Nf3 g6 3. c4 Bg7 4. g3 0-0 5. Bg2 d6 6. 0-0 Nc6 7. Nc3 Bf5 8. d5 Na5 9. Nh4 Bd7 10. Qd3 c5 11. Bd2 Rb8 12. b3 a6 13. Rac1 b5 14. h3 bxc4 15. bxc4 Rb4 16. Nd1 Ra4 17. a3 Ne8 18. Kh2 e6 19. e4 Nxc4 20. Rxc4 Rxc4 21. Qxc4 Bb5 22. Qc2 Bxf1 23. Bxf1 exd5 24. exd5 Nc7 25. Ne3 Qf6 26. Kg2 Rb8 27. Bc1 Qa1 28. Nf3 Rb1 29. Bd2 Nb5 30. Qe4 Be5 31. Nxe5 dxe5 32. a4 Nd6 33. Qh4 Rb8 34. Ng4 Qd4 35. Nf6+ Kg7 36. Bh6+ Kh8 37. g4 Nf5 38. Qg5 Rb2 39. Bg7+ Nxg7 40. Qh4 h5 41. Bd3 Qxd3 42. Qg5 Qd2 1/2-1/2

[Event "Chicago op 27th"]
[Site "Chicago"]
[Date "2018.05.25"]
[Round "3"]
[White "Itkin, David"]
[Black "Gareyev, Timur"]
[Result "0-1"]
[WhiteElo "2243"]
[BlackElo "2602"]
[PlyCount "70"]
[EventDate "2018.05.24"]
[EventType "swiss"]
[EventRounds "9"]
[EventCountry "USA"]
[SourceTitle "CBM 184 Extra"]
[Source "ChessBase"]
[SourceDate "2018.06.28"]
[SourceVersion "1"]
[SourceVersionDate "2018.06.28"]
[SourceQuality "1"]

1. e4 e5 2. Nf3 Nc6 3. Nc3 Nf6 4. Be2 d5 5. exd5 Nxd5 6. 0-0 Nxc3 7. bxc3 e4 8. Ne1 Bd6 9. f3 0-0 10. fxe4 Qh4 11. Nf3 Qxe4 12. d4 h6 13. Rb1 b6 14. Bd3 Qg4 15. Qe1 Bd7 16. h3 Qg3 17. Qxg3 Bxg3 18. Ba3 Bd6 19. Bxd6 cxd6 20. Rbe1 Rfe8 21. Bb5 Kf8 22. Kf2 Rac8 23. Rxe8+ Bxe8 24. Ke3 Nb4 25. cxb4 Bxb5 26. Rc1 Rc3+ 27. Ke4 Ke7 28. Ne1 Bc6+ 29. Kf4 g5+ 30. Kg4 Kf6 31. Kh5 Be4 32. h4 Bg6+ 33. Kxh6 gxh4 34. g4 hxg3 35. Ng2 Rc8 0-1

[Event "Copenhagen Challenge"]
[Site "Ballerup"]
[Date "2017.05.14"]
[Round "9"]
[White "Itkin, David"]
[Black "Kistrup, Nicolai"]
[Result "0-1"]
[WhiteElo "2118"]
[BlackElo "2185"]
[PlyCount "98"]
[EventDate "2017.05.10"]
[EventType "swiss"]
[EventRounds "9"]
[EventCountry "DEN"]
[SourceTitle "CBM 178 Extra"]
[Source "ChessBase"]
[SourceDate "2017.06.22"]
[SourceVersion "1"]
[SourceVersionDate "2017.06.22"]
[SourceQuality "1"]

1. e4 e5 2. Nf3 Nc6 3. Nc3 Nf6 4. Be2 d5 5. exd5 Nxd5 6. 0-0 Nxc3 7. dxc3 Qxd1 8. Rxd1 f6 9. Be3 Be6 10. Nd2 Be7 11. Ne4 Kf7 12. f4 f5 13. Nd2 e4 14. g4 g6 15. gxf5 gxf5 16. Bh5+ Kf6 17. Nb3 Bf7 18. Bxf7 Kxf7 19. Rd7 Rac8 20. Nc5 Rhd8 21. Rad1 Ke8 22. R7d5 Bxc5 23. Bxc5 Ne7 24. Bxe7 Kxe7 25. Re5+ Kf6 26. Rdd5 Rxd5 27. Rxd5 Rg8+ 28. Kf2 Rg4 29. Ke3 Rh4 30. Rd7 Rh3+ 31. Kd4 Rxh2 32. Rxc7 h5 33. Rxb7 h4 34. Rxa7 h3 35. Rh7 Rh1 36. Ke3 h2 37. Kd2 e3+ 38. Kxe3 Re1+ 39. Kd3 h1Q 40. Rxh1 Rxh1 41. a4 Rf1 42. Ke3 Re1+ 43. Kf3 Ke6 44. a5 Kd5 45. b4 Kc4 46. Kg3 Kxc3 47. b5 Kb4 48. c4 Kxa5 49. Kh4 Rg1 0-1